000 00554nam a22001697a 4500
003 OSt
005 20260313105245.0
008 260313b |||||||| |||| 00| 0 eng d
040 _cMRSPTU
041 _aEnglish
100 _aParbhjinder Singh, Supervisor: Dr. Rishi Kumar
245 _aDielectric Investigation of ZnO Nanoparticles Doped Ferroelectric Liquid Crystal Composites
260 _bDepartment of Physics, MRSPTU, Bathinda
_c2015
650 _aPhysics
856 _uhttp://163.47.215.52:8080/jspui/handle/123456789/1197
942 _2ddc
_cTH
_n0
999 _c11140
_d11140